00000000nam 2200000zi 4500
0019.943264
003CaOODSP
00520250131104947
006m     o  d f      
007cr mn|||||||||
008240916e202410##oncab   ob   f000 0 fre d
020 |a9780660736556
040 |aCaOODSP|bfre|erda|cCaOODSP
043 |an-cn-ns|an-us---|aln-----
045 |ax6y2
0861 |aFs70-6/2024-056F-PDF
24500|aÉvaluation de l'aiglefin de l'est du banc de Georges (Melanogrammus aeglefinus) jusqu'en 2023.
24617|aÉvaluation de l'aiglefin de l'est du banc de Georges
264 1|a[Ottawa] : |bSecrétariat canadien de consultation scientifique, |coctobre 2024.
264 4|c©2024
300 |a1 ressource en ligne (32 pages) : |billustrations (principalement en couleur), cartes (principalement en couleur).
336 |atexte|btxt|2rdacontent/fre
337 |ainformatique|bc|2rdamedia/fre
338 |aressource en ligne|bcr|2rdacarrier/fre
4901 |aAvis scientifique, |x1919-5117 ; |v2024/056
500 |aPublié aussi en anglais sous le titre : Eastern Georges Bank haddock (Melanogrammus aeglefinus) assessment to 2023.
500 |aTitre de depart.
504 |aComprend des références bibliographiques (page 28).
650 6|aÉglefin|zGeorges, Banc.
650 6|aÉglefin|xPêche commerciale|zGeorges, Banc.
650 6|aRessources halieutiques|xÉvaluation|zGeorges, Banc.
7102 |aSecrétariat canadien de consultation scientifique, |eorganisme de publication.
7101 |aCanada. |bMinistère des pêches et des océans. |bRégion des Maritimes, |eorganisme de publication.
77508|tEastern Georges Bank haddock (Melanogrammus aeglefinus) assessment to 2023.|w(CaOODSP)9.943263
830#0|aAvis scientifique (Secrétariat canadien de consultation scientifique)|v2024/056.|w(CaOODSP)9.502624
85640|qPDF|s5.64 Mo|uhttps://publications.gc.ca/collections/collection_2025/mpo-dfo/fs70-6/Fs70-6-2024-056-fra.pdf